A-Z Catégorie : Histoire - Statistiques

Statistiques générales
  • Ce quiz a été pris 68 fois
  • Le résultat moyen est 17 sur 26
Statistiques - réponses
Hint Réponse % Correct
O Ville libérée par Jeanne d’Arc Orléans
94%
F Dictateur sorti victorieux de la guerre civile espagnole, il dirigera le pays pendant près de 40 ans Francisco Franco
92%
W Dernière bataille de Napoléon I qui se solde par une défaite Waterloo
92%
U Créée en 1992 par le traité de Maastricht Union Européenne
89%
N Empereur romain tenu responsable de l’incendie de Rome Néron
87%
I Après son siège en 1453 par les Ottomans, cette ville est renommée Istanbul
85%
M Dynastie chinoise célèbre pour sa porcelaine Ming
82%
Z Ancien nom de la République Démocratique du Congo Zaïre
79%
E Période qui succède au Consulat Empire
76%
C Explorateur français qui est le premier à atteindre le Canada Jacques Cartier
76%
P Père de Charlemagne Pépin le Bref
76%
R Président américain durant la Seconde guerre mondiale, il meurt sans en voir la fin Franklin D.Roosevelt
74%
D Surnom de Benito Mussolini Duce
73%
G Conquérant mongol à la tête d’un empire immense Genghis Khan
73%
T Chevaliers religieux ayant pour mission de protéger la Terre Sainte Templiers
69%
K Guerre opposant Israel à une coalition arabe en 1973 Guerre du Kippour
65%
S Surnom attribué à Louis IX Saint-Louis
65%
Y Maison anglaise qui affronte les Lancastre dans la guerre des Deux-Roses York
58%
H Monarque anglais dont le personnage de Barbe Bleue s’inspire, ses six femmes ont eu un destin funeste Henri VIII
53%
V Prince de Valachie, il a inspiré Bram Stoker pour créer le personnage de Dracula Vlad III l'Empaleur
52%
L Premier homme à avoir traversé l’Atlantique Charles Lindbergh
39%
J Désigne les révoltes paysannes qui ont lieu dans l’Occident médiéval Jacqueries
37%
X Grand roi perse défait par les Grecs lors de la bataille de Salamine Xerxès
34%
B Révolte politique de 1773 qui marque le début de la révolution américaine Boston Tea Party
24%
Q Dieu en forme de serpent à plumes vénéré par les Aztèques et les Mayas Quetzalcoatl
19%
A Nom du dernier empereur des Incas Atahualpa
18%
Aucun quiz correspondant
Distribution des résultats
% des personnes avec chaque résultat
Percentile par nombre de réponses
Votre historique - résultats
Vous n’avez pas pris ce quiz